| 000 | 00614nam a2200205 a 4500 | ||
|---|---|---|---|
| 003 | AM-YEHGA | ||
| 005 | 20250617164746.0 | ||
| 008 | 180613s2017 ai |||||||||||||||1|arm|d | ||
| 020 | _a9789939685960 | ||
| 040 | _aAM-YeHGA | ||
| 041 | 0 | _aarm | |
| 100 | 1 | _aԱշուղյան, Կարինե Արամայիսի | |
| 245 | 1 | 0 |
_aՀմայագիր : _b[Բանաստեղծություններ] / _cԿ․ Աշուղյան․ |
| 260 |
_aԵրևան : _bԶանգակ հրատ․, _c2017․ |
||
| 300 |
_a224 էջ ; _c20 սմ․ |
||
| 650 | 1 | 4 | _aՀայ պոեզիա |
| 942 |
_2udc _cBK |
||
| 001 | 1372679 | ||
| 090 | _c567464 | ||
| 999 |
_c529125 _d529125 |
||